000 00992nam0a2200301 4500
001 RU\NLR\bibl\1787726
005 20260406072901.0
010 _a978-5-17-072963-0
_bАСТ
010 _a978-5-271-34434-3
_bАстрель
_93000
021 _aRU
_b2011-45972
_93265
035 _a(NLR Aleph) 001778443
090 _a1682183
_c1682183
100 _a20110712d2011 |||y0rusy50 ca
101 1 _arus
_ceng
102 _aRU
105 _ay z 000zy
200 1 _aЛунный камень
_e[роман]
_fУилки Коллинз
_g[пер. с англ. М. Шагинян]
210 _aМосква
_cАСТ
_cАстрель
_d2011
215 _a473, [1] с.
_d21
225 1 _aЗарубежная классика
700 1 _4070
_8rus
_7ca
_aКоллинз
_bУ. У.
_gУильям Уилки
_f1824-1889
_3RU\NLR\auth\7731121
_914134
801 0 _aRU
_bNLR
_c20110712
_gRCR
801 1 _aRU
_bNLR
_c20110712
942 _cBOOK
980 _aNB
980 _aNBR